000 00230 a2200097 4500
001 33535
100 _aKelley.D.S
245 _aPro/Engineer Instructor + CD
260 _aNew Delhi
_bTata McGraw-Hill
_c2004
090 _c22309
_d22309
942 _aNUST-CAE
_cM
_c13680
999 _c268608
_d268608